[Event "RUS-ch Women Blitz 2019"]
[Site "Sochi"]
[Date "2019.10.17"]
[Round "7.12"]
[White "Chernyak, Viktoria"]
[Black "Utiatskaja, Irina"]
[Result "1-0"]
[WhiteElo "2284"]
[BlackElo "2172"]
[Annotator "TA"]
[PlyCount "112"]
[EventDate "2019.10.17"]
[EventType "swiss"]
[EventCountry "RUS"]
[SourceTitle "playchess.com"]
[Source "ChessBase"]
[SourceQuality "1"]

{[%evp 18,112,0,-22,-17,-21,-18,-12,-13,-22,0,0,0,-19,-5,-31,0,0,0,-12,-13,-39,-35,-36,-36,-57,-2,-11,-7,-36,0,0,-9,-15,0,-12,0,-1,0,0,21,17,16,13,98,92,141,135,165,164,194,103,134,116,143,101,100,95,104,101,120,114,226,231,355,176,443,435,627,627,643,631,780,780,989,975,943,885,826,804,790,759,965,802,747,589,728,712,988,1131,1121,1124,1068,1060,1166,1150,1083]} 1. c4 g6 2. Nf3 Bg7 3. Nc3 c5 4. e3 Nf6 5. d4 cxd4 6. exd4 O-O 7. Be2 d5 8. O-O dxc4 9. Bxc4 Nc6 10. a3 Bg4 {D94: Grünfeld: 4 Nf3 Bg7 5 e3} 11. d5 Ne5 {[#] Strongly threatening ...Bxf3.} (11... Na5 12. Ba2 Rc8 13. h3 Bxf3 14. Qxf3 Nd7 15. Bg5 h6 16. Bf4 Qb6 17. Qe2 Qf6 18. Bg3 {1-0 (65) Melnichuk,M (2290)-Sivuk,V (2324) Kiev 2008}) 12. Be2 Bxf3 {The position is equal.} 13. Bxf3 Nxf3+ 14. Qxf3 Qd7 15. Rd1 $146 ({Predecessor:} 15. Bg5 Ne8 16. Rfe1 Bf6 17. Bxf6 Nxf6 18. Rad1 {1-0 (60) Breitwieser,J (1938)-Laemmel,S Berlin 2012}) 15... Rfd8 16. Be3 Qf5 17. Qxf5 gxf5 18. Bc5 Rd7 19. a4 Ne4 20. Nxe4 fxe4 21. Rab1 a6 (21... b6 $15 22. Ba3 Rad8) 22. Kf1 Rad8 23. Ke2 Rxd5 24. Rxd5 Rxd5 25. Bxe7 $15 {[%mdl 4096] Endgame KRB-KRB} Rd4 26. b3 Rd7 27. Bb4 Be5 28. g3 Rc7 29. Rd1 Kg7 30. Rd5 Bc3 (30... Kf6 $1 $11) 31. Bd6 Rc8 32. Ke3 Be1 33. Be5+ Kg6 34. Rd1 (34. Kxe4 $18 Re8 35. f4 f5+ 36. Kd3) 34... Bb4 35. Kxe4 f5+ 36. Kf4 {Rd7 is the strong threat.} Rc2 37. Bd4 Be7 38. Kf3 Rc7 39. Rd3 Rc1 (39... Rd7 $16 40. Ke3 h5) 40. Be3 $18 Rb1 (40... Rc7 {might work better.} 41. Bf4 Rc2) 41. h4 (41. Rd7 $142) 41... Bf6 $2 {[#]} (41... Bf8 {is a better defense.} 42. Kg2 Ba3) 42. Kf4 {White is clearly winning.} Kf7 (42... Be7 $142 43. Rd7 Kf6 44. Rxb7 Bd6+ 45. Kf3 h5) 43. Kxf5 Be7 44. h5 Rh1 45. g4 Rh3 46. Rd7 Rf3+ 47. Ke4 Rf6 48. Rxb7 Re6+ 49. Kf3 Rf6+ 50. Ke2 Re6 51. Kd3 Ke8 52. Rb8+ Kd7 53. Rh8 Rd6+ 54. Ke2 Re6 55. Rxh7 Kc6 56. Rg7 Kd5 {Accuracy: White = 49%, Black = 26%.} 1-0

[Event "RUS-ch Women Blitz 2019"]
[Site "Sochi"]
[Date "2019.10.17"]
[Round "8.1"]
[White "Belenkaya, Dina"]
[Black "Semenova, Elena"]
[Result "1/2-1/2"]
[WhiteElo "2300"]
[BlackElo "2282"]
[Annotator "TA"]
[PlyCount "32"]
[EventDate "2019.10.17"]
[EventType "swiss"]
[EventCountry "RUS"]
[SourceTitle "playchess.com"]
[Source "ChessBase"]
[SourceQuality "1"]

{[%evp 16,32,0,0,0,0,0,0,27,39,27,28,41,0,0,7,11,-11,-8]} 1. e4 e5 2. Nf3 Nc6 3. d4 exd4 4. Nxd4 Nf6 5. Nxc6 bxc6 6. Bd3 d5 7. exd5 cxd5 8. O-O Be7 9. c4 d4 {C45: Scotch Game} (9... O-O 10. cxd5 Bb7 11. Bc4 Bxd5 12. Bxd5 Nxd5 13. Nd2 c6 14. Re1 Rb8 15. Ne4 f5 16. Ng3 f4 17. Ne4 f3 18. gxf3 {½-½ (54) Fedoseev,V (2707)-Jakovenko,D (2748) Satka 2018}) 10. Nd2 O-O 11. Ne4 Rb8 12. Nxf6+ Bxf6 13. Re1 Re8 14. Rxe8+ $146 ({Predecessor:} 14. Bf4 Re7 15. b3 g6 16. Qd2 Be6 17. c5 Ra8 {½-½ (30) Fleury,F (2346)-Schulz,R (2308) Remote email 2013}) 14... Qxe8 {The position is equal.} 15. Rb1 Qe5 16. b4 Bf5 1/2-1/2

[Event "RUS-ch Women Blitz 2019"]
[Site "Sochi"]
[Date "2019.10.17"]
[Round "8.2"]
[White "Charochkina, Daria"]
[Black "Kovanova, Baira"]
[Result "1/2-1/2"]
[WhiteElo "2355"]
[BlackElo "2344"]
[Annotator "TA"]
[PlyCount "128"]
[EventDate "2019.10.17"]
[EventType "swiss"]
[EventCountry "RUS"]
[SourceTitle "playchess.com"]
[Source "ChessBase"]
[SourceQuality "1"]

{[%evp 20,128,11,15,9,0,49,45,44,42,47,40,43,43,46,29,31,26,35,12,33,19,29,-2,17,-18,30,-8,17,-18,0,0,0,-15,-40,-47,25,-40,-38,-49,-35,-34,-14,-12,0,11,29,25,24,-112,-75,-70,-60,-116,-116,-116,-116,-126,-19,-12,0,-206,-198,-610,-516,-527,-499,-635,-297,-288,-297,-297,0,0,0,-297,-287,-254,-249,-227,0,-1308,-1689,-708,-614,-415,-225,-225,-221,-297,-297,-311,-297,-297,0,-247,0,-271,-224,-216,-214,-192,0,0,0,0,0,0,0,0,0]} 1. d4 Nf6 2. Bg5 e6 3. Nd2 c5 4. e3 Be7 5. c3 b6 6. Bd3 Bb7 7. Ngf3 h6 8. Bh4 d6 9. O-O O-O 10. e4 Nc6 11. a3 cxd4 {A47: 1 d4 Nf6 2 Nf3 b6: Torre, London and Colle Systems} 12. cxd4 e5 $146 ({Predecessor:} 12... Nh5 13. d5 Nb8 14. Bxe7 Qxe7 15. dxe6 fxe6 16. e5 Nd7 17. exd6 Qxd6 18. Be4 Bd5 19. Nc4 {0-1 (62) Hansen,C (2620)-Gurevich,M (2635) Munich 1992}) 13. d5 Nb8 $1 {[%cal Bc6b8,Bb8d7,Bd7f6][%mdl 32] White is slightly better.} 14. Bxf6 Bxf6 15. Nc4 Qe7 16. b4 Nd7 17. Ne1 g6 18. Nc2 Bg7 19. N2e3 Rac8 20. f3 Nf6 21. g3 h5 22. Qe2 Nh7 23. Rac1 Qd7 24. f4 exf4 25. gxf4 Rfe8 26. Kh1 Nf6 27. Qg2 Qe7 ({Black should play} 27... b5 $15 28. Na5 Rxc1 29. Rxc1 Ba8) 28. e5 (28. Rce1 $11) 28... dxe5 $15 29. fxe5 Ng4 30. Nxg4 hxg4 31. Nd6 Rxc1 32. Rxc1 Rd8 33. Nxb7 Qxb7 34. Be4 (34. e6 $1 $11) 34... Bxe5 {Strongly threatening ...f5.} 35. Qxg4 Kg7 36. Rg1 {[#]} (36. h4 $15) 36... Rh8 $1 $17 {[%csl Ge5][%cal Rh8h2][%mdl 512]} 37. h3 {[%cal Re4g6] With the idea Bxg6!} Rh6 38. d6 {[#]} Qb8 (38... Rxh3+ $1 $17 {[%mdl 512]} 39. Qxh3 Qxe4+ 40. Rg2 Bxd6) 39. d7 $11 Qd8 {White must now prevent ...Rh4.} 40. Rf1 $2 (40. Rd1 $11) 40... Rh4 $19 41. Rxf7+ $2 (41. Qg2) 41... Kxf7 42. Qxg6+ Ke7 43. Qf5 Qxd7 (43... Qh8 $142 44. Qg5+ Kxd7) 44. Qxe5+ {[%mdl 4096] Endgame KQR-KQB} Qe6 45. Qc7+ Qd7 46. Qe5+ Qe6 47. Qc7+ {[%mdl 64] [#] Double Attack} Kf6 $1 48. Qd8+ Qe7 49. Qd4+ Qe5 $2 (49... Kf7 $19 50. Qc4+ Kf8 51. Qc8+ Kg7 52. Qc3+ Kf8) 50. Qf2+ $2 {[%mdl 8192]} (50. Qd8+ $11 Qe7 51. Qd4+ Kf7 52. Qc4+ Kg7 53. Qc3+ Qf6 54. Qc7+ Kh6 55. Qh7+ Kg5 56. Qg8+ Kf4 57. Bg2) 50... Rf4 51. Bf3 Qc3 52. Kg2 Rf5 (52... Qxa3 $142 53. b5 Qb3) 53. Qh4+ Rg5+ 54. Bg4 Qd2+ ({Stronger than} 54... Qxa3 55. Qh6+ Rg6 56. Qf8+ Kg5 57. Qe7+ Kh6 58. Qf8+ Rg7 59. Qh8+ Kg6 60. Qe8+ Kh7 61. Qh5+ Kg8 62. Qe8+ Kh7 63. Qh5+ Kg8 64. Qe8+ Kh7 $11) 55. Kg1 Qe3+ 56. Kg2 Qd2+ 57. Kg1 $1 {intending Qh8+.} Qe3+ 58. Kg2 $1 Qe4+ 59. Kg1 Qd4+ 60. Kg2 a5 $2 ({Better is} 60... Qb2+ $19 61. Kf1 Kg6) 61. Qh6+ {The position is equal.} Rg6 62. Qh8+ Rg7 63. Qf8+ Rf7 $1 {[%cal Rf7f8]} 64. Qh8+ Rg7 {Accuracy: White = 37%, Black = 42%.} 1/2-1/2

[Event "RUS-ch Women Blitz 2019"]
[Site "Sochi"]
[Date "2019.10.17"]
[Round "8.3"]
[White "Voit, Daria"]
[Black "Garifullina, Leya"]
[Result "1/2-1/2"]
[WhiteElo "2336"]
[BlackElo "2330"]
[Annotator "NA RC"]
[PlyCount "54"]
[EventDate "2019.10.17"]
[EventType "swiss"]
[EventCountry "RUS"]
[SourceTitle "playchess.com"]
[Source "ChessBase"]
[SourceQuality "1"]
[TimeControl "180+2"]

1. d4 {[%emt 0:00:00]} Nf6 {[%emt 0:00:00]} 2. Nf3 {[%emt 0:00:00]} e6 {[%emt 0:00:00]} 3. c4 {[%emt 0:00:01]} b6 {[%emt 0:00:01]} 4. g3 {[%emt 0:00:02]} Bb7 {[%emt 0:00:00]} 5. Bg2 {[%emt 0:00:01]} Bb4+ {[%emt 0:00:01]} 6. Bd2 {[%emt 0:00:01]} Be7 {[%emt 0:00:01]} 7. O-O {[%emt 0:00:03]} O-O {[%emt 0:00:02]} 8. Nc3 {[%emt 0:00:04]} c6 {[%emt 0:00:01]} 9. Qc2 {[%emt 0:00:13]} d5 {[%emt 0:00:02]} 10. Ne5 {[%emt 0:00:02]} Nbd7 {[%emt 0:00:07]} 11. Bf4 {[%emt 0:00:03]} Nh5 {[%emt 0:00:12]} 12. Bc1 {[%emt 0:00:26]} Nhf6 {[%emt 0:00:02]} 13. Rd1 {[%emt 0:00:03]} Rc8 {[%emt 0:00:15]} 14. Qa4 {[%emt 0:00:11]} a6 {[%emt 0:00:03]} 15. e4 {[%emt 0:00:18]} b5 {[%emt 0:00:08]} 16. cxb5 {[%emt 0:00:04]} cxb5 {[%emt 0:00:01]} 17. Qb3 {[%emt 0:00:04]} dxe4 {[%emt 0:00:05]} 18. Bg5 {[%emt 0:00:10]} h6 {[%emt 0:00:09]} 19. Nxd7 {[%emt 0:00:07]} Nxd7 {[%emt 0:00:48]} 20. Bxe7 {[%emt 0:00:07]} Qxe7 {[%emt 0:00:02]} 21. Bxe4 {[%emt 0:00:04]} Bxe4 {[%emt 0:00:11]} 22. Nxe4 {[%emt 0:00:01]} Rc4 {[%emt 0:00:03]} 23. a4 {[%emt 0:00:14]} Rb4 {[%emt 0:00:20]} 24. Qc2 {[%emt 0:00:02]} Rc4 {[%emt 0:00:26]} 25. Qb3 {[%emt 0:00:01]} Rb4 {[%emt 0:00:01]} 26. Qc2 {[%emt 0:00:02]} Rc4 {[%emt 0:00:07]} 27. Qb3 {[%emt 0:00:38]} Rb4 {[%emt 0:00:01]} 1/2-1/2

[Event "RUS-ch Women Blitz 2019"]
[Site "Sochi"]
[Date "2019.10.17"]
[Round "8.4"]
[White "Ambartsumova, Karina"]
[Black "Tomilova, Elena"]
[Result "1/2-1/2"]
[WhiteElo "2341"]
[BlackElo "2345"]
[Annotator "TA"]
[PlyCount "125"]
[EventDate "2019.10.17"]
[EventType "swiss"]
[EventCountry "RUS"]
[SourceTitle "playchess.com"]
[Source "ChessBase"]
[SourceQuality "1"]

{[%evp 9,125,35,36,33,30,14,29,-16,-15,-17,1,9,14,10,25,0,8,13,49,48,79,80,72,24,52,6,12,14,14,9,59,62,62,57,50,35,69,-14,-12,-11,-12,-22,0,0,3,11,35,0,42,47,42,49,36,15,26,0,33,33,33,33,29,30,120,10,10,0,6,6,6,6,6,0,6,6,12,12,27,10,10,16,20,6,6,6,18,6,6,6,34,34,75,34,34,34,34,34,34,34,34,34,34,34,34,25,25,25,25,0,25,25,25,25,25,25,25,25,25,25]} 1. c4 Nf6 2. Nc3 e5 3. Nf3 Nc6 4. a3 a5 5. e3 d5 (5... Be7 6. Bd3 O-O 7. Qc2 h6 8. b3 Re8 9. Bb2 d6 10. h3 Be6 11. Ne2 Nd7 12. Bh7+ {1-0 (38) Bosiocic,M (2591)-Cvitan,O (2496) Bled 2018}) 6. cxd5 {A28: English Opening: Four Knights Variation} Nxd5 7. Qc2 Be7 8. Nxd5 Qxd5 9. Bd3 $146 ({Predecessor:} 9. Bc4 Qd6 10. b3 Be6 11. Bb2 Bf6 12. Rd1 e4 13. Bxf6 exf3 14. Bxe6 fxg2 {0-1 (68) Vakalopoulos,H (1801)-Rigopoulos Tsigkos,A (1980) Kallithea 2008}) 9... Qd6 10. b3 h6 11. Bb2 O-O 12. Bh7+ Kh8 {[#] aiming for ...f5.} 13. Be4 Bf6 14. O-O Ne7 15. Rac1 c6 16. Rfd1 Nd5 17. Qc5 Qxc5 18. Rxc5 Be7 19. Rcc1 f6 (19... Nf6 $5 {[%cal Rf6e4]} 20. Bc2 Bg4 $11) 20. Nh4 Kg8 21. Ng6 {[#] And now Bxd5+ would win.} Re8 22. Nxe7+ Rxe7 23. Rc2 ({White should play} 23. d4 $14) 23... Be6 24. Rcc1 Rd7 25. d4 exd4 26. Bxd4 Rad8 27. Bc2 Ra8 28. Bb2 Ne7 29. Rxd7 Bxd7 30. Rd1 $36 {[%mdl 2048] White has the initiative.} Be6 31. f3 Kf7 32. Kf2 Nd5 33. e4 Nb6 34. Bd4 Nd7 35. Bc3 a4 (35... b6 $11) 36. b4 (36. bxa4 $16 {With the idea f4.} b6 37. Rd6) 36... Nb6 $11 37. Bb2 Nc4 38. Bc1 b5 39. Bd3 Rd8 40. Bc2 Rxd1 (40... Ra8 {seems wilder.}) 41. Bxd1 {[%mdl 4096] Endgame KBB-KBN} Ke7 42. Be2 g5 43. Bxc4 Bxc4 {KB-KB} 44. Ke3 Ke6 45. Bb2 h5 46. g3 Bb3 47. f4 gxf4+ 48. gxf4 Bc4 49. f5+ Kf7 50. Kf4 Be2 51. e5 fxe5+ 52. Bxe5 Bd1 53. h4 Be2 54. Bd4 Bd1 55. Ke5 Bc2 56. f6 Bd1 57. Kd6 Bf3 58. Ke5 Bg2 59. Kf4 {White has an edge.} Bf1 60. Kf3 Bh3 61. Kg3 Bg4 62. Kf4 Bd1 63. Ke4 {Accuracy: White = 49%, Black = 43%.} 1/2-1/2

[Event "RUS-ch Women Blitz 2019"]
[Site "Sochi"]
[Date "2019.10.17"]
[Round "8.5"]
[White "Bodnaruk, Anastasia"]
[Black "Shafigullina, Zarina"]
[Result "1-0"]
[WhiteElo "2419"]
[BlackElo "2295"]
[Annotator "RC"]
[PlyCount "109"]
[EventDate "2019.10.17"]
[EventType "swiss"]
[EventCountry "RUS"]
[SourceTitle "playchess.com"]
[Source "ChessBase"]
[SourceQuality "1"]
[TimeControl "180+2"]

1. e4 {[%emt 0:00:00]} c5 {[%emt 0:00:00]} 2. b3 {[%emt 0:00:00]} d5 {[%emt 0:00:03]} 3. exd5 {[%emt 0:00:14]} Qxd5 {[%emt 0:00:01]} 4. Nc3 {[%emt 0:00:01]} Qe5+ {[%emt 0:00:09]} 5. Qe2 {[%emt 0:00:22]} Qxe2+ {[%emt 0:00:02]} 6. Ngxe2 {[%emt 0:00:05]} Bf5 {[%emt 0:00:11]} 7. Nd5 {[%emt 0:00:08]} Kd8 {[%emt 0:00:12]} 8. Ne3 {[%emt 0:00:09]} Bd7 {[%emt 0:00:03]} 9. Bb2 {[%emt 0:00:01]} Nf6 {[%emt 0:00:02]} 10. O-O-O {[%emt 0:00:03]} Nc6 {[%emt 0:00:01]} 11. d4 {[%emt 0:00:04]} cxd4 {[%emt 0:00:03]} 12. Nxd4 {[%emt 0:00:01]} Kc8 {[%emt 0:00:15]} 13. Bc4 {[%emt 0:00:09]} e6 {[%emt 0:00:03]} 14. Rhe1 {[%emt 0:00:20]} a6 {[%emt 0:00:06]} 15. a4 {[%emt 0:00:02]} Nxd4 {[%emt 0:00:07]} 16. Bxd4 {[%emt 0:00:03]} b5 {[%emt 0:00:13]} 17. axb5 {[%emt 0:00:11]} axb5 {[%emt 0:00:01]} 18. Bf1 {[%emt 0:00:01]} Bb4 {[%emt 0:00:05]} 19. c3 {[%emt 0:00:10]} Be7 {[%emt 0:00:09]} 20. Kb2 {[%emt 0:00:04]} Bc6 {[%emt 0:00:03]} 21. f3 {[%emt 0:00:05]} Kb7 {[%emt 0:00:09]} 22. Nc2 {[%emt 0:00:03]} Rhd8 {[%emt 0:00:06]} 23. Ra1 {[%emt 0:00:05]} Rxa1 {[%emt 0:00:07]} 24. Rxa1 {[%emt 0:00:02]} Ra8 {[%emt 0:00:08]} 25. Rxa8 {[%emt 0:00:08]} Kxa8 {[%emt 0:00:01]} 26. b4 {[%emt 0:00:01]} Kb7 {[%emt 0:00:25]} 27. Be5 {[%emt 0:00:13]} Ne8 {[%emt 0:00:05]} 28. Nd4 {[%emt 0:00:03]} Kb6 {[%emt 0:00:28]} 29. Bg3 {[%emt 0:00:12]} Bd7 {[%emt 0:00:10]} 30. Bf2 {[%emt 0:00:05]} Ka6 {[%emt 0:00:02]} 31. Nb3 {[%emt 0:00:06]} Nc7 {[%emt 0:00:25]} 32. Bc5 {[%emt 0:00:02]} Bd8 {[%emt 0:00:04]} 33. Bf8 {[%emt 0:00:04]} Kb7 {[%emt 0:00:04]} 34. Bxg7 {[%emt 0:00:04]} Kc8 {[%emt 0:00:01]} 35. Nd4 {[%emt 0:00:09]} h5 {[%emt 0:00:03]} 36. Be5 {[%emt 0:00:03]} Kb7 {[%emt 0:00:01]} 37. g3 {[%emt 0:00:05]} Nd5 {[%emt 0:00:01]} 38. Bxb5 {[%emt 0:00:05]} Bxb5 {[%emt 0:00:02]} 39. Nxb5 f6 40. Bd4 {[%emt 0:00:14]} Kc6 {[%emt 0:00:02]} 41. Na3 {[%emt 0:00:04]} e5 {[%emt 0:00:01]} 42. Bf2 {[%emt 0:00:01]} Bb6 {[%emt 0:00:02]} 43. Bxb6 {[%emt 0:00:04]} Kxb6 {[%emt 0:00:02]} 44. Kb3 {[%emt 0:00:01]} Ne3 {[%emt 0:00:01]} 45. c4 {[%emt 0:00:04]} Nf1 {[%emt 0:00:02]} 46. c5+ {[%emt 0:00:01]} Kc6 {[%emt 0:00:02]} 47. Nc2 {[%emt 0:00:15]} Nxh2 {[%emt 0:00:02]} 48. Kc4 {[%emt 0:00:03]} Nxf3 49. b5+ Kc7 {[%emt 0:00:04]} 50. b6+ {[%emt 0:00:02]} Kb7 {[%emt 0:00:02]} 51. Kb5 {[%emt 0:00:01]} Nd2 {[%emt 0:00:08]} 52. c6+ {[%emt 0:00:01]} Kc8 {[%emt 0:00:01]} 53. b7+ {[%emt 0:00:05]} Kc7 {[%emt 0:00:03]} 54. Nb4 {[%emt 0:00:00]} Ne4 {[%emt 0:00:02]} 55. Na6+ {[%emt 0:00:01]} 1-0

[Event "RUS-ch Women Blitz 2019"]
[Site "Sochi"]
[Date "2019.10.17"]
[Round "8.6"]
[White "Bivol, Alina"]
[Black "Maltsevskaya, Aleksandra"]
[Result "0-1"]
[WhiteElo "2371"]
[BlackElo "2333"]
[Annotator "RC"]
[PlyCount "75"]
[EventDate "2019.10.17"]
[EventType "swiss"]
[EventCountry "RUS"]
[SourceTitle "playchess.com"]
[Source "ChessBase"]
[SourceQuality "1"]
[TimeControl "180+2"]

1. c4 {[%emt 0:00:00]} Nf6 {[%emt 0:00:00]} 2. g3 {[%emt 0:00:00]} g6 {[%emt 0:00:01]} 3. Bg2 {[%emt 0:00:03]} Bg7 {[%emt 0:00:02]} 4. d4 {[%emt 0:00:01]} d6 {[%emt 0:00:01]} 5. Nc3 {[%emt 0:00:02]} O-O {[%emt 0:00:02]} 6. Nf3 {[%emt 0:00:01]} Nbd7 {[%emt 0:00:03]} 7. O-O {[%emt 0:00:03]} e5 {[%emt 0:00:01]} 8. e4 {[%emt 0:00:00]} exd4 {[%emt 0:00:03]} 9. Nxd4 {[%emt 0:00:01]} Nc5 {[%emt 0:00:01]} 10. Re1 {[%emt 0:00:01]} Ng4 {[%emt 0:00:02]} 11. Nb3 {[%emt 0:00:44]} Ne5 {[%emt 0:00:22]} 12. Nxc5 {[%emt 0:00:10]} dxc5 {[%emt 0:00:01]} 13. Qe2 {[%emt 0:00:42]} Qd4 {[%emt 0:00:27]} 14. Be3 {[%emt 0:00:06]} Qxc4 {[%emt 0:00:02]} 15. Qxc4 {[%emt 0:00:00]} Nxc4 {[%emt 0:00:01]} 16. Bxc5 {[%emt 0:00:01]} Re8 {[%emt 0:00:01]} 17. Nd5 {[%emt 0:00:04]} Nxb2 {[%emt 0:00:34]} 18. Nxc7 {[%emt 0:00:13]} Nd3 {[%emt 0:00:01]} 19. Nxe8 {[%emt 0:00:22]} Bxa1 {[%emt 0:00:01]} 20. Rxa1 {[%emt 0:00:00]} Nxc5 {[%emt 0:00:02]} 21. Rc1 {[%emt 0:00:10]} b6 {[%emt 0:00:19]} 22. e5 {[%emt 0:00:14]} Rb8 {[%emt 0:00:01]} 23. Nf6+ {[%emt 0:00:11]} Kg7 {[%emt 0:00:01]} 24. a3 {[%emt 0:00:00]} Be6 {[%emt 0:00:05]} 25. Rd1 {[%emt 0:00:08]} a5 {[%emt 0:00:12]} 26. h4 {[%emt 0:00:03]} b5 {[%emt 0:00:06]} 27. h5 {[%emt 0:00:18]} b4 {[%emt 0:00:03]} 28. axb4 {[%emt 0:00:01]} axb4 {[%emt 0:00:01]} 29. Bd5 {[%emt 0:00:09]} b3 {[%emt 0:00:01]} 30. Bxe6 {[%emt 0:00:02]} fxe6 {[%emt 0:00:10]} 31. Rb1 {[%emt 0:00:03]} b2 {[%emt 0:00:01]} 32. hxg6 {[%emt 0:00:02]} hxg6 {[%emt 0:00:02]} 33. Kf1 {[%emt 0:00:01]} Na4 {[%emt 0:00:01]} 34. Ne4 {[%emt 0:00:02]} Rc8 {[%emt 0:00:03]} 35. Nd2 {[%emt 0:00:05]} Rc1+ 36. Kg2 Rc2 {[%emt 0:00:07]} 37. Ne4 {[%emt 0:00:02]} Re2 {[%emt 0:00:07]} 38. Nd6 {[%emt 0:00:11]} 0-1

[Event "RUS-ch Women Blitz 2019"]
[Site "Sochi"]
[Date "2019.10.17"]
[Round "8.7"]
[White "Guseva, Marina"]
[Black "Chernyak, Viktoria"]
[Result "1-0"]
[WhiteElo "2366"]
[BlackElo "2284"]
[Annotator "TA"]
[PlyCount "63"]
[EventDate "2019.10.17"]
[EventType "swiss"]
[EventCountry "RUS"]
[SourceTitle "playchess.com"]
[Source "ChessBase"]
[SourceQuality "1"]

{[%evp 17,63,33,33,15,313,62,62,62,65,50,68,69,70,45,58,0,11,14,0,24,16,0,67,62,74,70,225,93,179,149,343,350,316,325,360,362,364,337,460,422,497,493,785,672,766,689,806,802]} 1. d4 d5 2. c4 e6 3. Nc3 c6 4. Nf3 dxc4 5. e3 b5 6. a4 Bb4 7. Bd2 a5 8. axb5 Bxc3 9. Bxc3 cxb5 10. b3 {D31: Queen's Gambit Declined: Semi-Slav without ...Nf6 (+ Marshall Gambit and Noteboom) and Exchange Variation lines without ...Nf6} Nc6 $146 {[%mdl 8192]} (10... Bb7 $11) ({Predecessor:} 10... Bb7 11. bxc4 b4 12. Bb2 Nf6 13. c5 O-O 14. Bb5 Qc7 15. O-O Nc6 16. Re1 Ne7 17. Ba4 Ng6 18. Nd2 Ba6 19. Qc2 e5 20. Nc4 exd4 21. Bxd4 {½-½ (44) Stupak,K (2551)-Frolyanov,D (2556) Cheliabinsk 2019}) 11. bxc4 $2 (11. d5 $1 $18) 11... b4 $14 12. Bb2 {White is slightly better.} Nf6 $1 13. Bd3 O-O 14. O-O Bb7 15. c5 Qc7 16. h3 (16. Re1 $14) 16... Rfd8 17. Qc2 h6 18. Rfd1 Ne7 19. Ne5 Nfd5 (19... Nd7 $11) 20. Bb5 f6 21. Nc4 Nc6 $2 {[#]} ({Black should try} 21... f5 $14) 22. Qb3 (22. e4 $1 $18 {[%cal Re4d5] is more deadly.} Nf4 23. Nb6) 22... Kf8 (22... f5 $16) 23. Nd6 {aiming for e4.} Ba6 $2 (23... f5 $16 {might work better.} 24. f3 Rxd6 25. cxd6 Qxd6) 24. Bxa6 $18 Rxa6 25. e4 Nf4 {With the idea ...Nxd4.} 26. Qf3 Ng6 27. Qg4 {[%mdl 64] [#] Double Attack} Nh8 28. Qxe6 {White is clearly winning.} a4 29. d5 a3 (29... Nf7 $142 30. dxc6 Rxc6) 30. Bxf6 gxf6 31. Qxf6+ Kg8 32. dxc6 {Accuracy: White = 53%, Black = 28%.} 1-0

[Event "RUS-ch Women Blitz 2019"]
[Site "Sochi"]
[Date "2019.10.17"]
[Round "8.8"]
[White "Lysenko, Margarita"]
[Black "Karavaeva, Olga"]
[Result "1-0"]
[WhiteElo "2243"]
[BlackElo "2260"]
[Annotator "NA RC"]
[PlyCount "52"]
[EventDate "2019.10.17"]
[EventType "swiss"]
[EventCountry "RUS"]
[SourceTitle "playchess.com"]
[Source "ChessBase"]
[SourceQuality "1"]
[TimeControl "180+2"]

1. d4 {[%emt 0:00:00]} d5 {[%emt 0:00:00]} 2. c4 {[%emt 0:00:00]} e6 {[%emt 0:00:00]} 3. Nc3 {[%emt 0:00:02]} c6 {[%emt 0:00:00]} 4. cxd5 {[%emt 0:00:02]} exd5 {[%emt 0:00:01]} 5. Qc2 {[%emt 0:00:01]} Nf6 {[%emt 0:00:02]} 6. Bg5 {[%emt 0:00:04]} Be7 {[%emt 0:00:05]} 7. e3 {[%emt 0:00:01]} h6 {[%emt 0:00:02]} 8. Bf4 {[%emt 0:00:08]} O-O {[%emt 0:00:07]} 9. Bd3 {[%emt 0:00:05]} Bd6 {[%emt 0:00:02]} 10. Bxd6 {[%emt 0:00:10]} Qxd6 {[%emt 0:00:02]} 11. h3 {[%emt 0:00:10]} Re8 {[%emt 0:00:05]} 12. Nf3 {[%emt 0:00:06]} Nbd7 {[%emt 0:00:02]} 13. g4 {[%emt 0:00:08]} Nf8 {[%emt 0:00:23]} 14. O-O-O {[%emt 0:00:14]} b5 {[%emt 0:00:01]} 15. g5 {[%emt 0:00:22]} hxg5 {[%emt 0:00:07]} 16. Nxg5 {[%emt 0:00:01]} a5 {[%emt 0:00:18]} 17. Rhg1 {[%emt 0:00:05]} b4 {[%emt 0:00:05]} 18. Ne2 {[%emt 0:00:03]} Ba6 {[%emt 0:00:02]} 19. Ng3 {[%emt 0:00:22]} Bxd3 {[%emt 0:00:06]} 20. Qxd3 {[%emt 0:00:01]} Qd7 {[%emt 0:01:07]} 21. Nf5 {[%emt 0:00:09]} Ng6 {[%emt 0:00:05]} 22. h4 {[%emt 0:00:11]} Ne4 {[%emt 0:00:09]} 23. Nxg7 {[%emt 0:00:36]} Kxg7 {[%emt 0:00:01]} 24. h5 {[%emt 0:00:00]} Nxf2 {[%emt 0:00:26]} 25. Qf1 {[%emt 0:00:04]} Nxd1 {[%emt 0:00:17]} 26. Nxf7 {[%emt 0:00:12]} Re6 1-0